000 01419cam a2200469 4500
001 J126256
008 000000n2004 000 0 eng u
035 _a(Sirsi) u126256
050 _a338.4369094
_c18
110 _aEuroconstruct
_bConference
_n(56th :
_d2004
_cPortugal)
_94637
245 _a56th Euroconstruct Conference, Portugal
_bthe outlook for the European construction sector 2004-2006 - promoting social cohesion and sustainable development
260 _aLisbon
_bITIC
_c2004
300 _a2
_fv.
_c30cm.
350 _a775
505 _aCountry reports: western European countries; eastern European countries
505 _aSummary report: the outlook for the European construction sector 2004-2006; Promoting social cohesion and sustainable development
650 _aAUSTRIA
650 _aBELGIUM
650 _aCZECH REPUBLIC
650 _aDENMARK
650 _aEIRE
650 _aEUROPE
650 _aFINLAND
650 _aFRANCE
650 _aGERMANY
650 _aHUNGARY
650 _aITALY
650 _aNETHERLANDS
650 _aNORWAY
650 _aPOLAND
650 _aPORTUGAL
650 _aSLOVAK REPUBLIC
650 _aSPAIN
650 _aSWITZERLAND
650 _aUNITED KINGDOM
650 _aSTATISTICS
650 _aECONOMIC ISSUES
650 _aHOUSING
650 _aEUROCONSTRUCT
690 _aBUILT ENVIRONMENT-CONSTRUCTION MARKET
942 _n0
999 _c103592
_d103592